| 000 | 00686nam a2200241 a 4500 | ||
|---|---|---|---|
| 005 | 20140310183446.0 | ||
| 008 | 081002s19uu xx 00 eng d | ||
| 020 | _a9781416044734 | ||
| 050 |
_aRT 82 _b.C543 2007 |
||
| 100 | _aChitty, Kay Kittrell | ||
| 245 |
_aProfessional nursing concepts & challenges / _cKay Kittrell Chitty. |
||
| 250 | _a5th ed. | ||
| 260 |
_aU.S.A : _bSaunders Elsevier, _c2007. |
||
| 300 |
_a488 p. : _bill. ; _c27 cm. |
||
| 521 | _aNUR | ||
| 650 | _aNursing Books. | ||
| 650 |
_aNursing _xVocational guidance. |
||
| 650 |
_aNursing _xSocial aspects. |
||
| 650 | _aNursing. | ||
| 700 | _aBlack, Beth Perry | ||
| 942 |
_cBK _2lcc _kFOR |
||
| 999 |
_c23253 _d23253 |
||